Statistics for Guess the 1970s song lyrics #309

Click here to take the quiz!

General Stats

  • This quiz has been taken 6 times
  • The average score is 138 of 208

Answer Stats

Answer% Correct
a
100%
I
100%
is
100%
what
100%
you
100%
day
83%
go
83%
her
83%
in
83%
my
83%
Oh
83%
on
83%
sun
83%
the
83%
This
83%
When
83%
when
83%
and
67%
And
67%
are
67%
by
67%
for
67%
got
67%
I'll
67%
it's
67%
I've
67%
know
67%
love
67%
me
67%
say
67%
see
67%
that
67%
up
67%
We'll
67%
with
67%
drive
50%
Hi
50%
hi
50%
Let's
50%
ride
50%
she'll
50%
take
50%
beautiful
33%
car
33%
hey
33%
Hey
33%
Making
33%
side
33%
Sunday
33%
think
33%
waiting
33%
walk
33%
Birds
17%
follow
17%
lark
17%
morning
17%
park
17%
singing
17%
someone
17%

Score Distribution

Percentile by Number Answered

Percent of People with Each Score

Your Score History

You have not taken this quiz